000 01412nam a2200313 a 4500
001 000047848
003 OSt
005 20220824090841.0
007 ta
008 180830e2016 dr ad eri 001 0 spa d
020 _a9789945895889
040 _aDO-SdBNP
_bspa
_cBNPHU
041 _hspa
082 4 _a361.61
_bV145p
_222
100 1 _aValdéz Ramírez, Julia A.
_975411
245 1 0 _aPolítica social dominicana :
_bcontextos, instituciones e inversiones desde sus inicios hasta 2012 /
_cJulián A. Valdés Ramírez.
260 _aSanto Domingo :
_bCuesta Veliz,
_c2016.
300 _a355 p. ,
_bil. gráficas ;
_c26 cm.
500 _aIncluye datos biográficos del autor en la solapa de la cubierta
504 _aBibliografía p. 341-355
505 0 _aEstado, ciudadanía y política social --
_tLos orígenes de la política social dominicana --
_tPolítica social como meciación capital-trabajo --
_tPolítca social contrainsurgente --
_tFallida demostración del bienestar --
_tLa transición (o política social a la deriva ) --
_tSubsidiarismo truncado.
590 _aInventariado, 2018/VM
590 _aLa biblioteca posee 1 ejemplar autografiado por el autor
651 4 _aRepública Dominicana
_xPolítica Social
_xHistoria
_975412
651 4 _aRepública Dominicana
_xCondiciones Sociales
_946
651 4 _aAmérica Latina
_xCondiciones Sociales
_95034
910 _aVMateo /
942 _2ddc
_cLBS1
999 _c47336
_d47336